000 01603nam a2200373 i 4500
001 000047599
003 DO-SdBNP
005 20241114090907.0
007 ta
008 180704s2017 dr a 000 0 spa d
020 _a9789945901689
040 _aDO-SdBNP
_bspa
_cBNPHU
_erda
041 _aspa
082 4 _a972.93052
_bG216c
_222
100 1 _a García Arévalo, Manuel Antonio,
_d1948-
_eautor
_4aut.
_959457
245 1 3 _aLa caída de Horacio Vásquez y la irrupción de Trujillo :
_ben los informes diplomáticos españoles de 1930 /
_cManuel García Arévalo, Francis Pou de García ; corrección, Clara Dobarro Lamas
264 4 _aSanto Domingo :
_bAcademia Dominicana de la Historia,
_c2017.
300 _a485 páginas :
_bilustraciones ;
_c24 cm.
336 _atexto
_btxt
_2rdacontent
337 _asin mediación
_bn
_2rdamedia
338 _avolumen
_bnc
_2rdacarrier
500 _aIncluye referencias bibliográficas y notas al pie de las páginas
590 _aInventariado,2018/DG
600 1 4 _aVásquez, Horacio,
_d1860-1930
_975233
600 1 4 _aTrujillo Molina, Rafael Leónidas,
_d 1891-1961
_976764
651 4 _aRepública Dominicana
_xPolítica y gobierno
_y1930-1961
_9479
651 4 _aRepública Dominicana
_xPolítica y gobierno
_y1930-1961
_vFUENTES
_975234
651 4 _aRepública Dominicana
_xRelaciones
_zEspaña
_975235
651 4 _aEspaña
_xRelaciones
_zRepública Dominicana
_975236
700 1 2 _aPou de García, Francis
_eautor
_4aut.
_96488
700 1 _aDobarro Lamas, Clara,
_ecorrector
_4corr.
_98295
910 _aValidado. Control de calidad MFF
942 _2ddc
_cLBS1
999 _c47087
_d47087